02110nam a2200361 a 450000100100000000500170001000800410002702000180006804000250008608200250011110000580013624501700019426000600036430000510042449000420047550400700051750400330058759000260062065000360064665000720068265100620075465100490081665100540086565100590091983000490097891000380102795201380106595201380120395201380134195201230147995201290160299900170173100003768420240409073644.0121115s2012 dr abcd 001 0 spa d a9789945074536 aDO-SdBNPbspacBNPHU a325.246097293bA388i1 aAlfonseca Giner de los Ríos, Juan B.,b1957-96414713aEl incidente del trasatlántico Cuba :buna historia del exilio republicano español en la sociedad dominicana, 1938-1944 /cJuan B. Alfonseca Giner de los Ríos. aSanto Domingo :bArchivo General de la Nación,c2012. a346 p. :bil., mapas, retrs., tablas ;c22 cm.1 aArchivo General de la Nación ;v162 aIncluye referencias bibliográficas y notas al pie de páginas. aBibliografía : p. 295-303. aInventariado, 2018/BT 4aExpatriaciónzEspaña964148 4aRefugiados políticosxHistoriayERA DE TRUJILLO, 1930-1961964149 4aRepública DominicanaxEmigración E Inmigración9290 4aEspañaxEmigración E Inmigración96797 4aEspañaxHistoriayGUERRA CIVIL, 1936-193993531 4aEspañoles En República DominicanaxHistoria964150 0aArchivo General de la Nación ;n162964151 aValidado. Control de calidad. EMS 001054708DSaGRbGRcHDd2013-03-14iLF1l0o325.246097293 A388ip37684-30r2020-06-25te. 3w2020-06-25yLFDSZPréstamo en sala 001054708DSaGRbGRcHDd2013-03-14iLF1l0o325.246097293 A388ip37684-40r2020-06-25te. 4w2020-06-25yLFDSZPréstamo en sala 001054708DSaGRbGRcHDd2013-03-14iLF1l0o325.246097293 A388ip37684-50r2020-06-25te. 5w2020-06-25yLFDSZPréstamo en sala 0010718PDaPDbPDcHDd2013-03-14iLF1l0o325.246097293 A388ip37684-10r2020-06-25w2020-06-25yLFPDZNo se presta 0010718PDaPDbPDcHDd2013-03-14iLF1l0o325.246097293 A388ip37684-20r2020-06-25te. 2w2020-06-25yLFPDZNo se presta c37174d37174